[Event "Unterfranken-ch69 Seniors"]
[Site "Schweinfurt"]
[Date "2018.04.06"]
[Round "6"]
[White "Nussbaumer, Hans"]
[Black "Hofmann, Matthias1"]
[Result "1-0"]
[WhiteElo "1871"]
[BlackElo "1719"]
[PlyCount "147"]
[EventDate "2018.04.02"]
[EventType "swiss"]
[EventRounds "7"]
[EventCountry "GER"]
[SourceTitle "EXT 2019"]
[Source "ChessBase"]
[SourceDate "2018.10.10"]
[SourceVersion "1"]
[SourceVersionDate "2018.10.10"]
[SourceQuality "1"]

1. e4 e6 2. d4 d5 3. e5 c5 4. c3 Nc6 5. Nf3 Qb6 6. Bd3 Bd7 7. dxc5 Bxc5 8. Qe2 a5 9. 0-0 Nge7 10. Nbd2 Ng6 11. Nb3 Be7 12. Nbd4 Qc7 13. Re1 Bc5 14. h4 Nge7 15. Bf4 a4 16. Bg3 Bxd4 17. cxd4 Qb6 18. Bb5 Ra5 19. Bxc6 Bxc6 20. Bf4 0-0 21. Bd2 Raa8 22. Bc3 Rfc8 23. a3 Bb5 24. Qd2 Qd8 25. g3 Nc6 26. Ng5 h6 27. Nh3 Ne7 28. Nf4 Rc4 29. Ng2 Nf5 30. Ne3 Nxe3 31. Rxe3 Rac8 32. Rf3 Qe8 33. Qf4 R4c7 34. Re1 Kh7 35. g4 g6 36. Qd2 Qg8 37. Rf6 Qg7 38. Kh2 Kh8 39. Rg1 Rg8 40. Rg3 Kh7 41. Qe3 Bd7 42. Rgf3 Bc6 43. Bd2 Rf8 44. Qd3 Kh8 45. Qe3 Kh7 46. Qf4 Be8 47. Ba5 Rc8 48. Qe3 Rc4 49. Qd3 Kh8 50. Bb4 Rg8 51. Rg3 Bb5 52. Qd2 Rc7 53. Bc5 Rgc8 54. Qa5 Bc6 55. Qb4 Rd7 56. Be7 Re8 57. Rxe6 Kh7 58. Bf6 Qg8 59. Rxe8 Qxe8 60. Qd2 Rc7 61. Qc2 Rc8 62. h5 Qg8 63. Qd3 Bd7 64. g5 Bf5 65. Qe3 Rc2 66. b4 axb3 67. Qxb3 Rxf2+ 68. Kg1 Rd2 69. Qxd5 Be6 70. Qxb7 Rxd4 71. Kf2 Qc8 72. hxg6+ Kxg6 73. gxh6+ Kf5 74. Rg5+ 1-0

[Event "Unterfranken-ch M1 61th"]
[Site "Kitzingen"]
[Date "2010.04.09"]
[Round "7"]
[White "Nussbaumer, Hans"]
[Black "Markert, Markus"]
[Result "1/2-1/2"]
[WhiteElo "1905"]
[BlackElo "1884"]
[PlyCount "53"]
[EventDate "2010.04.05"]
[EventType "swiss"]
[EventRounds "9"]
[EventCountry "GER"]
[SourceTitle "EXT 2015"]
[Source "ChessBase"]
[SourceDate "2014.11.20"]
[SourceVersion "1"]
[SourceVersionDate "2014.11.20"]
[SourceQuality "1"]

1. e4 c5 2. c3 e6 3. d4 d5 4. e5 Nc6 5. Nf3 Qb6 6. Bd3 Bd7 7. dxc5 Bxc5 8. 0-0 Qc7 9. Bf4 Nge7 10. Qe2 a6 11. Kh1 Rd8 12. Nbd2 Ng6 13. Bg3 Nce7 14. Nb3 Ba7 15. Nfd4 h5 16. h3 h4 17. Bh2 Bb8 18. f4 Qc8 19. Nd2 Nf5 20. Nxf5 exf5 21. Nf3 Ba7 22. Nd4 Bxd4 23. cxd4 Be6 24. Rac1 Qd7 25. Qc2 0-0 26. Qc7 Qa4 27. Qb6 1/2-1/2

[Event "Regionalliga NW 0607"]
[Site "Bayern"]
[Date "2006.12.10"]
[Round "4.7"]
[White "Tratberger, Rainer"]
[Black "Nussbaumer, Hans"]
[Result "1-0"]
[WhiteElo "1929"]
[BlackElo "1935"]
[PlyCount "83"]
[EventDate "2006.10.15"]
[EventType "team-tourn"]
[EventRounds "9"]
[EventCountry "GER"]
[SourceTitle "EXT 2008"]
[Source "ChessBase"]
[SourceDate "2007.11.25"]
[SourceVersion "1"]
[SourceVersionDate "2007.11.25"]
[SourceQuality "1"]
[WhiteTeam "Burgsinn"]
[BlackTeam "Kitzingen"]
[WhiteTeamCountry "GER"]
[BlackTeamCountry "GER"]

1. d4 Nf6 2. Nf3 d5 3. Bf4 e6 4. e3 c5 5. c3 Nc6 6. Bd3 Bd6 7. Bg3 0-0 8. Nbd2 cxd4 9. exd4 Qc7 10. 0-0 Bxg3 11. hxg3 a6 12. Qe2 b5 13. a3 Bb7 14. Ne5 Na5 15. g4 Nc4 16. Nb3 Ne4 17. Bxe4 dxe4 18. Nxc4 bxc4 19. Nc5 Bd5 20. Nxe4 Qf4 21. Ng3 Rab8 22. Rad1 Rb3 23. Rd2 Rfb8 24. Nh5 Qe4 25. Qxe4 Bxe4 26. f3 Bg6 27. Rff2 Bxh5 28. gxh5 R8b5 29. g4 Rd5 30. Kg2 Kf8 31. Rfe2 Ke7 32. Re5 Rbb5 33. f4 Kd6 34. Kf3 Kc6 35. Rxd5 Rxd5 36. Ke2 Kb5 37. Kd1 Ka4 38. Kc2 h6 39. Re2 g6 40. hxg6 fxg6 41. Rxe6 h5 42. Rxa6+ 1-0

[Event "Regionalliga NW 0304"]
[Site "Bayern"]
[Date "2004.03.07"]
[Round "7.6"]
[White "Nussbaumer, Hans"]
[Black "Lutz, Martin"]
[Result "0-1"]
[WhiteElo "1967"]
[BlackElo "1928"]
[PlyCount "62"]
[EventDate "2003.10.12"]
[EventType "team-tourn"]
[EventRounds "9"]
[EventCountry "GER"]
[SourceTitle "EXT 2006"]
[Source "ChessBase"]
[SourceDate "2005.11.24"]
[SourceVersion "1"]
[SourceVersionDate "2005.11.24"]
[SourceQuality "1"]
[WhiteTeam "Kitzingen"]
[BlackTeam "Kulmbach"]
[WhiteTeamCountry "GER"]
[BlackTeamCountry "GER"]

1. e4 e5 2. f4 exf4 3. Nf3 g5 4. Bc4 Bg7 5. 0-0 d6 6. d4 Nc6 7. c3 h6 8. a4 Bd7 9. Qb3 Qe7 10. a5 0-0-0 11. Qa2 Qxe4 12. b4 Qf5 13. b5 Nb8 14. Na3 Ne7 15. Re1 Ng6 16. a6 bxa6 17. bxa6 Rde8 18. Bd2 g4 19. Qb3 Bc6 20. d5 Ba8 21. Nb5 gxf3 22. Nxa7+ Kd7 23. Bb5+ c6 24. dxc6+ Kc7 25. Bf1 f2+ 26. Kxf2 Qc5+ 27. Kf3 Nxc6 28. Nb5+ Kd7 29. Re4 Rxe4 30. Qxf7+ Re7 31. Qxg6 Ne5+ 0-1

[Event "Regionalliga NW 0304"]
[Site "Bayern"]
[Date "2003.11.02"]
[Round "2.4"]
[White "Nussbaumer, Hans"]
[Black "Schleupner, Kurt"]
[Result "1/2-1/2"]
[WhiteElo "1967"]
[BlackElo "2055"]
[PlyCount "120"]
[EventDate "2003.10.12"]
[EventType "team-tourn"]
[EventRounds "9"]
[EventCountry "GER"]
[SourceTitle "EXT 2006"]
[Source "ChessBase"]
[SourceDate "2005.11.24"]
[SourceVersion "1"]
[SourceVersionDate "2005.11.24"]
[SourceQuality "1"]
[WhiteTeam "Kitzingen"]
[BlackTeam "Hof"]
[WhiteTeamCountry "GER"]
[BlackTeamCountry "GER"]

1. e4 c5 2. c3 d5 3. exd5 Qxd5 4. d4 Nf6 5. Nf3 Nc6 6. Be2 cxd4 7. cxd4 e6 8. Nc3 Qd7 9. 0-0 Be7 10. Be3 Qd8 11. Ne5 Nd5 12. Nxd5 exd5 13. Nxc6 bxc6 14. Rc1 Bd7 15. Bd3 0-0 16. Bb1 Bd6 17. Qh5 g6 18. Qh6 Re8 19. h4 Qf6 20. Qg5 Be7 21. Qxf6 Bxf6 22. g3 Rab8 23. b3 Rb4 24. Rfd1 Reb8 25. Bc2 Bg4 26. Rd2 a5 27. a3 R4b7 28. Bf4 Rd8 29. Bg5 Bxg5 30. hxg5 Re7 31. Kg2 Rde8 32. Bd3 Bd7 33. Rc5 Ra8 34. Re2 Kf8 35. f3 Rxe2+ 36. Bxe2 Ke7 37. g4 Kd6 38. f4 Kc7 39. Rc3 Re8 40. Bf3 Kb6 41. Kf2 Rh8 42. Rc1 Be6 43. Kg3 Rc8 44. Rc5 Bd7 45. Rc1 Be6 46. Rc5 Bd7 47. Rc1 Re8 48. Kf2 Bc8 49. Rh1 Rh8 50. Re1 Be6 51. Re5 Re8 52. f5 Bd7 53. Rxe8 Bxe8 54. Ke3 Kc7 55. Kf4 Kd6 56. b4 axb4 57. axb4 Bd7 58. Be2 Bc8 59. Bd3 Bd7 60. Ba6 Be8 1/2-1/2

[Event "Regionalliga NW 0001"]
[Site "Bayern"]
[Date "2001.03.11"]
[Round "7"]
[White "Nussbaumer, Hans"]
[Black "Nuernberger, Stefan"]
[Result "0-1"]
[WhiteElo "1940"]
[BlackElo "2005"]
[PlyCount "74"]
[EventDate "2000.10.15"]
[EventType "team-tourn"]
[EventRounds "9"]
[EventCountry "GER"]
[SourceTitle "EXT 2020"]
[Source "ChessBase"]
[SourceDate "2019.10.17"]
[SourceVersion "1"]
[SourceVersionDate "2019.10.17"]
[SourceQuality "1"]
[WhiteTeam "Kitzingen SC"]
[BlackTeam "Marktleuthen"]
[WhiteTeamCountry "GER"]
[BlackTeamCountry "GER"]

1. e4 d6 2. d4 Nf6 3. f3 g6 4. Be3 Bg7 5. Qd2 c6 6. c4 Nbd7 7. Nc3 e5 8. Nge2 Qc7 9. d5 c5 10. g4 h5 11. g5 Ng8 12. h4 Ne7 13. Ng3 a6 14. a4 Rb8 15. Bd3 Nb6 16. Kf2 Bd7 17. Kg2 Nbc8 18. f4 exf4 19. Bxf4 Na7 20. Qf2 b5 21. axb5 axb5 22. Rxa7 Qxa7 23. Bxd6 Bd4 24. Bxb8 Qxb8 25. Qd2 bxc4 26. Bb1 0-0 27. Rf1 Qc8 28. Rf6 Bh3+ 29. Kh2 Qg4 30. Rf4 Bg1+ 31. Kxg1 Qxg3+ 32. Kh1 Bg2+ 33. Kg1 Bxe4+ 34. Kf1 Bxb1 35. Nxb1 Nxd5 36. Rf2 Ne3+ 37. Ke1 Re8 0-1

[Event "Regionalliga NW 0001"]
[Site "Bayern"]
[Date "2000.10.15"]
[Round "1.6"]
[White "Assmann, Norbert"]
[Black "Nussbaumer, Hans"]
[Result "1-0"]
[WhiteElo "2080"]
[BlackElo "1940"]
[PlyCount "111"]
[EventDate "2000.10.15"]
[EventType "team-tourn"]
[EventRounds "9"]
[EventCountry "GER"]
[SourceTitle "EXT 2020"]
[Source "ChessBase"]
[SourceDate "2019.10.17"]
[SourceVersion "1"]
[SourceVersionDate "2019.10.17"]
[SourceQuality "1"]
[WhiteTeam "Sailauf"]
[BlackTeam "Kitzingen SC"]
[WhiteTeamCountry "GER"]
[BlackTeamCountry "GER"]

1. Nf3 d5 2. g3 c5 3. Bg2 Nc6 4. 0-0 g6 5. d3 Bg7 6. Nbd2 d4 7. Ne4 Qb6 8. b3 Nf6 9. Nfd2 Nxe4 10. Bxe4 Bh3 11. Re1 0-0 12. a4 Nb4 13. a5 Qc7 14. Nc4 Rad8 15. Bd2 Nd5 16. Qc1 f5 17. Bf3 e5 18. Bg5 Nf6 19. Rb1 Bg4 20. Bg2 h6 21. Bxf6 Rxf6 22. b4 f4 23. bxc5 f3 24. Bxf3 Bxf3 25. exf3 Rxf3 26. Nd6 Rdf8 27. Ne4 g5 28. Qb2 Qf7 29. Qb3 Kh7 30. Qxf7 R8xf7 31. Rf1 Rc7 32. Rb5 a6 33. Rb6 Rff7 34. Rfb1 Rfd7 35. Re6 Rd8 36. Rbb6 Rf8 37. Kf1 Rf3 38. Ke2 Rf8 39. Kd2 Rf5 40. c6 bxc6 41. Rexc6 Rcf7 42. Ke2 g4 43. Rxa6 Rh5 44. Rab6 Rxh2 45. a6 Rh1 46. Rb7 Kg8 47. Rxf7 Kxf7 48. Rc7+ Kg6 49. a7 Ra1 50. Nd6 Bf8 51. Nb5 Bb4 52. f3 h5 53. fxg4 hxg4 54. Rc4 Be1 55. Rc8 Bxg3 56. a8Q 1-0

[Event "Regionalliga NW 9900"]
[Site "Bayern"]
[Date "2000.??.??"]
[Round "7.8"]
[White "Nussbaumer, Hans"]
[Black "Bachmann, Wolfgang"]
[Result "1/2-1/2"]
[WhiteElo "1920"]
[BlackElo "1885"]
[PlyCount "57"]
[EventDate "1999.??.??"]
[EventType "team-tourn"]
[EventRounds "9"]
[EventCountry "GER"]
[SourceTitle "EXT 2020"]
[Source "ChessBase"]
[SourceDate "2019.10.17"]
[SourceVersion "1"]
[SourceVersionDate "2019.10.17"]
[SourceQuality "1"]
[WhiteTeam "Kitzingen SC"]
[BlackTeam "Burgsinn"]
[WhiteTeamCountry "GER"]
[BlackTeamCountry "GER"]

1. c4 Nf6 2. d4 g6 3. Nc3 Bg7 4. e4 d6 5. Nf3 0-0 6. Bg5 Nbd7 7. Bd3 h6 8. Be3 e5 9. d5 Nh5 10. Qd2 Nc5 11. Bc2 Kh7 12. b4 Na6 13. Rb1 Bg4 14. Bd1 f5 15. b5 Nb8 16. exf5 gxf5 17. Qc2 Nd7 18. h3 Bxf3 19. Bxf3 Qe8 20. g4 Nf4 21. gxf5 Nf6 22. Ne4 Qd7 23. Ng3 Rae8 24. Kd2 Kh8 25. Rbe1 Nh7 26. Bg4 Qd8 27. Nh5 Qh4 28. Nxg7 Kxg7 29. Kc3 1/2-1/2

[Event "Regionalliga NW 9900"]
[Site "Bayern"]
[Date "2000.??.??"]
[Round "9.7"]
[White "Nussbaumer, Hans"]
[Black "Kassubek, Wolfgang"]
[Result "1-0"]
[WhiteElo "1920"]
[BlackElo "1990"]
[PlyCount "45"]
[EventDate "1999.??.??"]
[EventType "team-tourn"]
[EventRounds "9"]
[EventCountry "GER"]
[SourceTitle "EXT 2020"]
[Source "ChessBase"]
[SourceDate "2019.10.17"]
[SourceVersion "1"]
[SourceVersionDate "2019.10.17"]
[SourceQuality "1"]
[WhiteTeam "Kitzingen SC"]
[BlackTeam "Schweinfurt Fr"]
[WhiteTeamCountry "GER"]
[BlackTeamCountry "GER"]

1. e4 c5 2. c3 d5 3. exd5 Qxd5 4. d4 cxd4 5. cxd4 e5 6. Nf3 exd4 7. Qxd4 Qxd4 8. Nxd4 a6 9. Be2 Nf6 10. 0-0 Bd6 11. Nc3 0-0 12. Bg5 Nbd7 13. Rad1 h6 14. Bh4 Be5 15. f4 Bc7 16. Nf5 g6 17. Nd6 Kg7 18. Bf3 Rb8 19. g4 Nb6 20. Nxc8 Rfxc8 21. Bf2 Rd8 22. Bd4 Nc4 23. Nd5 1-0

[Event "Landesliga Nord 9899"]
[Site "Bayern"]
[Date "1998.10.25"]
[Round "2.8"]
[White "Nussbaumer, Hans"]
[Black "Hirn, Erwin"]
[Result "0-1"]
[WhiteElo "1950"]
[BlackElo "1990"]
[PlyCount "92"]
[EventDate "1998.10.11"]
[EventType "team-tourn"]
[EventRounds "9"]
[EventCountry "GER"]
[SourceTitle "EXT 2020"]
[Source "ChessBase"]
[SourceDate "2019.10.17"]
[SourceVersion "1"]
[SourceVersionDate "2019.10.17"]
[SourceQuality "1"]
[WhiteTeam "Kitzingen SC"]
[BlackTeam "Nuernberg Sued SW"]
[WhiteTeamCountry "GER"]
[BlackTeamCountry "GER"]

1. d4 Nf6 2. Bg5 d5 3. Nf3 e6 4. e3 Be7 5. Bd3 Nbd7 6. Nbd2 c5 7. c3 Qc7 8. Qe2 e5 9. dxe5 Nxe5 10. Nxe5 Qxe5 11. Bb5+ Bd7 12. Bxf6 Qxf6 13. Bxd7+ Kxd7 14. Rd1 Kc7 15. Nb3 Rad8 16. 0-0 Rhe8 17. a4 Bd6 18. Qb5 a6 19. Qa5+ Kc6 20. c4 dxc4 21. Nd4+ cxd4 22. Rxd4 Qe5 23. Rxc4+ Kd7 24. Qxe5 Bxe5 25. f4 Bd6 26. e4 f6 27. Rd1 Ke7 28. Rf1 Rc8 29. Rxc8 Rxc8 30. g3 Rc4 31. b3 Rxe4 32. Kg2 Re2+ 33. Kh3 Re3 34. Rb1 Bxf4 35. Kg4 Be5 36. b4 Re2 37. b5 axb5 38. Rxb5 Rb2 39. Ra5 Rxh2 40. Ra7 Rb2 41. a5 Bd4 42. Ra8 Be5 43. Ra7 Ke6 44. a6 bxa6 45. Rxa6+ Bd6 46. Ra7 Rb3 0-1